NBA Lookalikes - Statistics

General Stats
  • This quiz has been taken 21 times
  • The average score is 5 of 15
Answer Stats
Hint Answer % Correct
Rajon Rondo Chris Paul
76%
Chris Paul Rajon Rondo
71%
Jason Mamoa Steven Adams
71%
JiDion Demarcus Cousins
53%
Travis Kelce Jonas Valanciunas
41%
Morgan Freeman Bill Russell
35%
Lavash (Sausage Party) Klay Thompson
35%
Drake Fred VanVleet
29%
Ashton Kutcher Kyle Korver
29%
Wilt Chamberlain Otto Porter Jr.
24%
Teenage Mutant Ninja Turtle Russell Westbrook
24%
Andrew Tate Austin Rivers
12%
Eddie Murphy Draymond Green
6%
The Weeknd Patty Mills
6%
J Cole Tobias Harris
6%
No matching quizzes found
Score Distribution
Percent of People with Each Score
Percentile by Number Answered
Your Score History
You have not taken this quiz